000 00357 a2200169 4500
001 162161
020 _a85-262-2570-7
040 _cMagnum
100 _aLima, Aristides Fraga
240 1 0 _aO louco da gruta
_lpor
245 1 0 _aO louco da gruta
300 _a87
362 0 _a1996
440 1 _aScipione
697 _aLITERATURA JUVENIL
942 _cBK
999 _c162161
_d162161